[Event "SRB-ch U18 Girls"]
[Site "Subotica"]
[Date "2021.05.05"]
[Round "4"]
[White "Ilic, Zvezdana"]
[Black "Sakotic, Ana"]
[Result "0-1"]
[WhiteElo "1590"]
[BlackElo "1690"]
[PlyCount "140"]
[EventDate "2021.05.03"]
[EventType "swiss"]
[EventRounds "9"]
[EventCountry "SRB"]
[SourceTitle "EXT 2022"]
[Source "ChessBase"]
[SourceDate "2021.10.06"]
[SourceVersion "1"]
[SourceVersionDate "2021.10.06"]
[SourceQuality "1"]

1. c4 Nf6 2. d4 g6 3. f3 Bg7 4. e4 0-0 5. Nc3 Nc6 6. Be3 e5 7. d5 Nd4 8. Nge2 c5 9. dxc6 dxc6 10. Nxd4 exd4 11. Bxd4 Nxe4 12. Bxg7 Qh4+ 13. g3 Nxg3 14. Bxf8 Nxh1+ 15. Kd2 Bf5 16. Bc5 Rd8+ 17. Nd5 cxd5 18. Kc3 dxc4 19. Qc1 Qf6+ 20. Kb4 a5+ 21. Ka3 b5 22. Bxc4 bxc4 23. Qxc4 Rd3+ 24. Ka4 Bd7+ 25. Kxa5 Qd8+ 26. Ka6 Bc8+ 27. Kb5 Bd7+ 28. Ka6 Qa8+ 29. Kb6 Qb8+ 30. Ka6 Bc8+ 31. Ka5 Qc7+ 32. Kb4 Qb7+ 33. Ka5 Rd8 34. Qb5 Qa8+ 35. Kb4 Bd7 36. Qc4 Rb8+ 37. Kc3 Qxf3+ 38. Qd3 Qf6+ 39. Qd4 Qf3+ 40. Qe3 Qf6+ 41. Qd4 Qc6 42. b4 Bf5 43. a4 Qf3+ 44. Qe3 Qc6 45. b5 Qd5 46. Kb4 Rc8 47. a5 Qg2 48. Qc3 Nf2 49. Qd4 Nd3+ 50. Ka3 Nxc5 51. Rc1 Qa8 52. Qd2 Nb7 53. a6 Rxc1 54. Qxc1 Nd6 55. Qc5 Nc8 56. Kb4 Qb8 57. Ka5 Bd3 58. Qc6 Na7 59. Qb7 Qd8+ 60. b6 Bxa6 61. Kxa6 Nc8 62. Qc7 Qd3+ 63. Kb7 Nxb6 64. Qb8+ Kg7 65. Qe5+ Kh6 66. Kxb6 Qb3+ 67. Kc6 Qe6+ 68. Qxe6 fxe6 69. Kd6 Kg5 70. Kxe6 Kg4 0-1

[Event "SRB-ch U18 Girls"]
[Site "Subotica"]
[Date "2021.05.03"]
[Round "1"]
[White "Vidanovic, Branka"]
[Black "Sakotic, Ana"]
[Result "0-1"]
[WhiteElo "1302"]
[BlackElo "1690"]
[PlyCount "52"]
[EventDate "2021.05.03"]
[EventType "swiss"]
[EventRounds "9"]
[EventCountry "SRB"]
[SourceTitle "EXT 2022"]
[Source "ChessBase"]
[SourceDate "2021.10.06"]
[SourceVersion "1"]
[SourceVersionDate "2021.10.06"]
[SourceQuality "1"]

1. e4 c5 2. Nc3 Nc6 3. f4 e6 4. Nf3 Nge7 5. Bb5 a6 6. Bxc6 Nxc6 7. d3 Be7 8. 0-0 0-0 9. Qe1 d5 10. Qg3 b5 11. f5 Kh8 12. fxe6 Bxe6 13. Ng5 Nd4 14. Rf2 b4 15. exd5 Bxd5 16. Nxd5 Qxd5 17. Bf4 h6 18. Ne4 Qh5 19. Raf1 Bh4 20. Qh3 Bxf2+ 21. Nxf2 Ne2+ 22. Kh1 Nxf4 23. Qg3 Qe2 24. Rc1 Rae8 25. Ne4 Ng6 26. Nxc5 Re3 0-1

[Event "Paracin Winter Amateur"]
[Site "Paracin"]
[Date "2021.01.29"]
[Round "1"]
[White "Sakotic, Ana"]
[Black "Musovic, Armin"]
[Result "0-1"]
[WhiteElo "1772"]
[BlackElo "2235"]
[PlyCount "86"]
[EventDate "2021.01.29"]
[EventType "swiss"]
[EventRounds "9"]
[EventCountry "SRB"]
[SourceTitle "EXT 2022"]
[Source "ChessBase"]
[SourceDate "2021.10.06"]
[SourceVersion "1"]
[SourceVersionDate "2021.10.06"]
[SourceQuality "1"]

1. e4 c6 2. d4 g6 3. Nf3 Bg7 4. Nc3 d5 5. Be2 dxe4 6. Nxe4 Nd7 7. c4 Ngf6 8. Nc3 0-0 9. 0-0 Qc7 10. h3 Rd8 11. Qc2 Nf8 12. Be3 Bf5 13. Qd2 Ne4 14. Nxe4 Bxe4 15. Ng5 Bf5 16. Rad1 Bxd4 17. Bxd4 e5 18. Bxe5 Qxe5 19. Qe3 Qxe3 20. fxe3 Rxd1 21. Bxd1 Re8 22. e4 Be6 23. b3 h6 24. Nf3 Bc8 25. Bc2 Ne6 26. b4 Nf4 27. Nd4 g5 28. Nf5 Bxf5 29. exf5 Kg7 30. Rf2 Kf6 31. Kh2 Re2 32. Rxe2 Nxe2 33. g3 Nd4 34. Bd1 Nxf5 35. Bg4 Ne7 36. Kg2 Ke5 37. b5 c5 38. Bh5 f5 39. Kf3 Nc8 40. Bf7 Nd6 41. Bd5 b6 42. h4 Nxb5 43. Bc6 Nd4+ 0-1

[Event "SRB-ch U16 Girls"]
[Site "Kragujevac"]
[Date "2019.04.30"]
[Round "3"]
[White "Sakotic, Ana"]
[Black "Pavlovic, Andrea"]
[Result "0-1"]
[WhiteElo "1598"]
[BlackElo "1593"]
[PlyCount "100"]
[EventDate "2019.04.29"]
[EventType "swiss"]
[EventRounds "9"]
[EventCountry "SRB"]
[SourceTitle "EXT 2022"]
[Source "ChessBase"]
[SourceDate "2021.10.06"]
[SourceVersion "1"]
[SourceVersionDate "2021.10.06"]
[SourceQuality "1"]

1. e4 e5 2. Nf3 Nc6 3. Bc4 Bc5 4. c3 Nf6 5. d3 d6 6. 0-0 Be6 7. Bb3 0-0 8. Nbd2 d5 9. Qe2 Re8 10. h3 Qd7 11. Re1 d4 12. Bxe6 Qxe6 13. c4 a6 14. Nf1 b5 15. b3 bxc4 16. bxc4 Rab8 17. a3 Bb6 18. Bd2 Ba5 19. Bxa5 Nxa5 20. N1d2 Nh5 21. Nh4 Nf4 22. Qf3 Nb3 23. Nxb3 Rxb3 24. Red1 g6 25. g4 Reb8 26. Ng2 Nxg2 27. Kxg2 Rc3 28. a4 a5 29. Rab1 Rbb3 30. h4 Qxc4 31. Qf6 Qe6 32. Qf3 Qc6 33. h5 h6 34. hxg6 Qxg6 35. Rxb3 Rxb3 36. Rc1 Rc3 37. Rb1 c6 38. Rb7 h5 39. Qh3 Qxg4+ 40. Qxg4+ hxg4 41. Re7 f6 42. Ra7 Rxd3 43. Rxa5 Rc3 44. Ra8+ Kg7 45. a5 d3 46. a6 Ra3 47. Rd8 Rxa6 48. Rxd3 Ra4 49. Rc3 Rxe4 50. Rxc6 Kg6 0-1

[Event "SRB-chT (Women)"]
[Site "Valjevo"]
[Date "2018.09.03"]
[Round "4.4"]
[White "Blagojevic, Tijana"]
[Black "Sakotic, Ana"]
[Result "1-0"]
[WhiteElo "2232"]
[BlackElo "1706"]
[PlyCount "53"]
[EventDate "2018.08.31"]
[EventType "team-tourn"]
[EventRounds "11"]
[EventCountry "SRB"]
[SourceTitle "CBM 186 Extra"]
[Source "ChessBase"]
[SourceDate "2018.08.24"]
[SourceVersion "1"]
[SourceVersionDate "2018.08.24"]
[SourceQuality "1"]
[WhiteTeam "Jelica PEP (W)"]
[BlackTeam "Banovci Dunav (W)"]
[WhiteTeamCountry "SRB"]
[BlackTeamCountry "SRB"]

1. e4 c5 2. Nf3 d6 3. Bb5+ Bd7 4. c4 Nf6 5. Nc3 Nc6 6. 0-0 g6 7. d4 cxd4 8. Nxd4 Nxd4 9. Qxd4 Bg7 10. Be3 0-0 11. Qd2 Re8 12. f3 a6 13. Bxd7 Nxd7 14. Rac1 Rc8 15. Nd5 e6 16. Nf4 Ne5 17. b3 Qd7 18. Rfd1 Bf8 19. c5 Red8 20. Qf2 Qb5 21. Bd4 Bh6 22. Qh4 Bxf4 23. Qxf4 Nd7 24. Qxd6 Qa5 25. Qe7 Qxa2 26. c6 bxc6 27. Bb6 1-0

[Event "SRB-ch U16 Girls"]
[Site "Novi Sad"]
[Date "2018.04.07"]
[Round "7"]
[White "Srdanovic, Jovana"]
[Black "Sakotic, Ana"]
[Result "1-0"]
[WhiteElo "2024"]
[BlackElo "1678"]
[PlyCount "77"]
[EventDate "2018.04.02"]
[EventType "swiss"]
[EventRounds "9"]
[EventCountry "SRB"]
[SourceTitle "EXT 2019"]
[Source "ChessBase"]
[SourceDate "2018.10.10"]
[SourceVersion "1"]
[SourceVersionDate "2018.10.10"]
[SourceQuality "1"]

1. d4 Nf6 2. c4 g6 3. Nc3 Bg7 4. e4 d6 5. h3 0-0 6. Be3 e5 7. d5 Nbd7 8. Bd3 Nc5 9. Bc2 a5 10. Nge2 Ne8 11. g4 f5 12. gxf5 gxf5 13. exf5 Bxf5 14. Bxf5 Rxf5 15. Ng3 Rf7 16. Nce4 Nxe4 17. Nxe4 Qh4 18. Qg4 Qxg4 19. hxg4 Bf8 20. Ke2 Nf6 21. Ng5 Rg7 22. f3 Rc8 23. Ne6 Rf7 24. Rag1 Ne8 25. g5 Ng7 26. g6 hxg6 27. Rxg6 Re8 28. Bh6 Kh7 29. Rg4 Kg8 30. Rhg1 Ree7 31. Nd8 Rf6 32. Bg5 Rff7 33. Bxe7 Rxe7 34. Nxb7 a4 35. Nd8 Kh8 36. Rh1+ Kg8 37. Rh6 Re8 38. Ne6 Re7 39. Rf6 1-0

[Event "SRB-ch U16 Girls"]
[Site "Novi Sad"]
[Date "2018.04.03"]
[Round "2"]
[White "Sakotic, Ana"]
[Black "Stevanovic, Jelena"]
[Result "0-1"]
[WhiteElo "1678"]
[BlackElo "1610"]
[PlyCount "64"]
[EventDate "2018.04.02"]
[EventType "swiss"]
[EventRounds "9"]
[EventCountry "SRB"]
[SourceTitle "EXT 2019"]
[Source "ChessBase"]
[SourceDate "2018.10.10"]
[SourceVersion "1"]
[SourceVersionDate "2018.10.10"]
[SourceQuality "1"]

1. e4 e5 2. Nf3 Nc6 3. Bc4 h6 4. 0-0 Bc5 5. c3 d6 6. d4 exd4 7. cxd4 Bb6 8. h3 Nge7 9. Nc3 0-0 10. Be3 Kh7 11. Qd2 f5 12. exf5 Bxf5 13. Nh4 Bg6 14. Nxg6 Nxg6 15. Bd3 Nce7 16. Qc2 Qe8 17. Rae1 Qf7 18. Ne2 Kh8 19. Ng3 Rae8 20. a3 Nh4 21. Qd2 g5 22. Qc3 Neg6 23. Ne2 Ne7 24. Qc1 Rg8 25. Ng3 c6 26. Qd1 Bc7 27. Be2 Qg7 28. Qd3 Qg6 29. Qd2 Qg7 30. Qd3 Rgf8 31. Bg4 Ng8 32. Nf5 Qg6 0-1

[Event "SRB-ch U14 Girls"]
[Site "Kragujevac"]
[Date "2017.04.14"]
[Round "6"]
[White "Trajkovic, Nada"]
[Black "Sakotic, Ana"]
[Result "1-0"]
[WhiteElo "1594"]
[BlackElo "1497"]
[PlyCount "39"]
[EventDate "2017.04.11"]
[EventType "swiss"]
[EventRounds "9"]
[EventCountry "SRB"]
[SourceTitle "EXT 2019"]
[Source "ChessBase"]
[SourceDate "2018.10.10"]
[SourceVersion "1"]
[SourceVersionDate "2018.10.10"]
[SourceQuality "1"]

1. e4 c5 2. d4 cxd4 3. c3 dxc3 4. Nxc3 e6 5. Bc4 Nc6 6. Nf3 a6 7. 0-0 Nge7 8. Bg5 h6 9. Bh4 g5 10. Bg3 Ng6 11. Nd5 exd5 12. exd5 Be7 13. dxc6 dxc6 14. Qc2 Qa5 15. Rfe1 Bf5 16. Qb3 0-0 17. Ne5 Bf6 18. Nxf7 Kg7 19. Qxb7 Rad8 20. Nxd8+ 1-0

[Event "SRB-ch U14 Girls"]
[Site "Kragujevac"]
[Date "2016.05.07"]
[Round "8"]
[White "Nestorovic, Katarina"]
[Black "Sakotic, Ana"]
[Result "1-0"]
[WhiteElo "1849"]
[BlackElo "1290"]
[PlyCount "59"]
[EventDate "2016.05.02"]
[EventType "swiss"]
[EventRounds "9"]
[EventCountry "SRB"]
[SourceTitle "CBM 172 Extra"]
[Source "ChessBase"]
[SourceDate "2016.06.21"]
[SourceVersion "1"]
[SourceVersionDate "2016.06.21"]
[SourceQuality "1"]

1. e4 c5 2. Nf3 d6 3. Bc4 Nc6 4. c3 Nf6 5. d3 g6 6. 0-0 Bg7 7. Bb3 0-0 8. Re1 a6 9. Nbd2 b5 10. Nf1 Qb6 11. Qe2 Re8 12. h3 a5 13. Be3 a4 14. Bc2 b4 15. d4 bxc3 16. bxc3 cxd4 17. cxd4 Qc7 18. Rec1 Qd7 19. Bd3 Bb7 20. d5 Red8 21. dxc6 Bxc6 22. Rab1 Nxe4 23. Bxe4 Bxe4 24. Rb4 Bc6 25. N1d2 d5 26. Nd4 Bb7 27. Qb5 Qxb5 28. Rxb5 Ba6 29. Rb4 Bb7 30. Rxb7 1-0

[Event "SRB-ch U14 Girls"]
[Site "Kragujevac"]
[Date "2016.05.02"]
[Round "1"]
[White "Nikolic, Masa"]
[Black "Sakotic, Ana"]
[Result "1/2-1/2"]
[WhiteElo "1582"]
[BlackElo "1290"]
[PlyCount "94"]
[EventDate "2016.05.02"]
[EventType "swiss"]
[EventRounds "9"]
[EventCountry "SRB"]
[SourceTitle "CBM 172 Extra"]
[Source "ChessBase"]
[SourceDate "2016.06.21"]
[SourceVersion "1"]
[SourceVersionDate "2016.06.21"]
[SourceQuality "1"]

1. d4 Nf6 2. Nf3 c5 3. c3 Qb6 4. Nbd2 Nc6 5. Nc4 Qa6 6. e3 b5 7. Na3 c4 8. b3 d5 9. Be2 Bg4 10. 0-0 e6 11. Nb1 Be7 12. h3 Bh5 13. Nfd2 Bg6 14. Bf3 0-0 15. Re1 e5 16. dxe5 Nxe5 17. b4 Nd3 18. Rf1 Rad8 19. a4 Rd7 20. Ra3 bxa4 21. Rxa4 Qb6 22. Na3 Ne5 23. Nc2 Nxf3+ 24. Nxf3 Ne4 25. Bb2 Bf6 26. Ncd4 Nd6 27. Qa1 Nf5 28. Re1 Nxd4 29. Nxd4 Re8 30. Nf3 h6 31. Ra5 Bd8 32. Ra6 Qb7 33. Nd4 Rc7 34. Qa4 Ree7 35. Nb5 Rcd7 36. Nxa7 Bc2 37. Qa1 Bb6 38. Nb5 Bxe3 39. Rxe3 Qxb5 40. Ra8+ Kh7 41. Rxe7 Rxe7 42. Qa5 Qxa5 43. Rxa5 Rd7 44. Rc5 Ba4 45. Kf1 Kg6 46. Ke2 Re7+ 47. Kd2 Rd7 1/2-1/2

[Event "EU-ch U12 Girls 24th"]
[Site "Batumi"]
[Date "2014.10.20"]
[Round "2"]
[White "Hovhannisyan, Mane"]
[Black "Sakotic, Ana"]
[Result "1-0"]
[WhiteElo "1518"]
[BlackElo "1314"]
[PlyCount "71"]
[EventDate "2014.10.19"]
[EventType "swiss"]
[EventRounds "9"]
[EventCountry "GEO"]
[SourceTitle "EXT 2016"]
[Source "ChessBase"]
[SourceDate "2015.10.08"]
[SourceVersion "1"]
[SourceVersionDate "2015.10.08"]
[SourceQuality "1"]

1. d4 Nf6 2. Nf3 g6 3. c4 Bg7 4. Nc3 0-0 5. Bf4 d6 6. e3 c5 7. Be2 Nh5 8. Bg3 Nxg3 9. hxg3 Nc6 10. Qd2 Bf5 11. 0-0 Rc8 12. d5 Ne5 13. a4 Qc7 14. a5 a6 15. Na4 Nd7 16. Nh4 e6 17. g4 Be4 18. g5 exd5 19. f3 Bf5 20. Nxf5 gxf5 21. Qxd5 Rfe8 22. Qxf5 Ne5 23. Nb6 Rcd8 24. Nd5 Qd7 25. Qxd7 Nxd7 26. Rab1 h6 27. gxh6 Bxh6 28. f4 Bg7 29. Bf3 Rb8 30. Rfd1 b6 31. Nc7 Rxe3 32. Nxa6 Bd4 33. Nxb8 Rxf3+ 34. Rxd4 Nxb8 35. Rxd6 Rxf4 36. Rd8+ 1-0